Textbook of library management

محفوظ في:
التفاصيل البيبلوغرافية
المؤلف الرئيسي: Ansari, M. M.
التنسيق: كتاب
اللغة:Undetermined
منشور في: Darya Ganj, New Delhi Shree 2003
الموضوعات:
الوسوم: إضافة وسم
لا توجد وسوم, كن أول من يضع وسما على هذه التسجيلة!
Thư viện lưu trữ: Trung tâm Học liệu Trường Đại học Cần Thơ
LEADER 00512nam a2200193Ia 4500
001 CTU_124832
008 210402s9999 xx 000 0 und d
020 |c 49.00 
082 |a 025.1 
082 |b A617 
100 |a Ansari, M. M. 
245 0 |a Textbook of library management 
245 0 |c M. M.Ansari 
260 |a Darya Ganj, New Delhi 
260 |b Shree 
260 |c 2003 
650 |a Library science,Library administration 
904 |i Minh 
980 |a Trung tâm Học liệu Trường Đại học Cần Thơ